| 000 | 00989 a2200229 4500 | ||
|---|---|---|---|
| 005 | 2011090701171.0 | ||
| 010 | _aG-001241 | ||
| 020 |
_c20.00 _a9788170284505 |
||
| 035 | _aG-001241 | ||
| 037 | _bउपहार | ||
| 082 | 1 | 4 | _aक |
| 100 | 1 |
_aधर्मपाल शास्त्री _934656 |
|
| 245 | 1 |
_aसरल पंचतन्त्र / _cधर्मपाल शास्त्री |
|
| 246 |
_a _b |
||
| 260 |
_aदिल्ली _bराजपाल प्रकाशन _c2008 |
||
| 270 |
_aकश्मीरी गेट _bदिल्ली _e110006 |
||
| 300 |
_a32पृ _bसचित्र _c21सेमी (अजिल्द) |
||
| 650 |
_aजीवनियाँ _934657 |
||
| 942 |
_adpl _cCH _k _2ddc _hक _mधर्मपा |
||
| 999 |
_c56494 _d56494 |
||